00695cam a22002531 4500001001300000003000400013005001700017008004100034010001700075035002000092040002000112042001200132050002100144100004000165245007900205260003000284300003100314500001700345500002500362500001000387630001300397600001400410999001700424g 01001676 DLC20260227111255.0870403s1886 gw 000 0 ger  ag 01001676  a(OCoLC)15483917 aDLCcTxDaMdDLC apremarc00aPR1644b.R3 18861 aRamhorst, Friedrich Wilhelm,d1863-14aDas altenglische gedicht vom heiligen Andreas und der dichter Cynewulf ... aLeipzig,bG. Fock,c1886. a1 p. l., 72 [2] p.c20 cm. aCover-title. aInaug.-diss.-Berlin. aVita.00aAndreas.00aCynewulf. c23809d23809